Analysis and decision in regional policy
Salvato in:
| Natura: | Libro |
|---|---|
| Lingua: | inglese |
| Pubblicazione: |
London :
IGCullen,
1979
|
| Edizione: | 1. vyd. |
| Soggetti: | |
| Tags: |
Nessun Tag, puoi essere il primo ad aggiungerne!!
|
MARC
| LEADER | 00000nam a22000003a 4500 | ||
|---|---|---|---|
| 001 | stu13530 | ||
| 005 | 20150408175859.1 | ||
| 008 | 960627s1979----uk------------------eng-d | ||
| 020 | |a 0850860709 | ||
| 040 | |a STU |b slo | ||
| 041 | 0 | |a eng | |
| 044 | |a uk | ||
| 245 | |a Analysis and decision in regional policy | ||
| 250 | |a 1. vyd. | ||
| 260 | |a London : |b IGCullen, |c 1979 | ||
| 300 | |a 232 s | ||
| 650 | 7 | |a urbanistická ekonómia |2 stusub | |
| 650 | 7 | |a územný manažment |2 stusub | |
| 996 | |b 284AU01128 |c A*756 U |l AAKNAR |s A |a 24 |w stu13530_0001 | ||